000 00645nam a2200241Ia 4500
003 OSt
005 20220924124327.0
006 a|||||r|||| 00| 0
007 ta
008 220923b |||||||| |||| 00| 0 san d
024 _a53620
037 _cTextual
040 _aARTS
_cARTS
_bsan
041 _2san
_asan
082 _aP15,25Ax1,1, 15M2
100 _aVenkatarama Sharma V
_9195461
245 0 _aTaitteriya pratisakhya
260 _aNew Delhi
_b Panivi
_c1982
300 _a288p.
_ccm.
650 _aLINGUISTICS
942 _hP15,25Ax1,1, 15M2
_cTEXL
_2CC
999 _c419259
_d419259